000 00233nam a2200097Ia 4500
008 220204s9999 xx 000 0 und d
082 _a82-3
_bSHO
100 _aSholokhov, Mikhail
245 4 _aAnd quiet flows the don. 2 V
942 _cBK
999 _c26157
_d26157